00518nam a22001817a 450000500170000001000150001702000260003203500140005803700090007208200120008110000220009324500440011525000060015926000340016527000990019930000180029870000200031620260323113809.0 aENG-147961 c150.00a9788197613517 aEN-131493 bDBAD aS21b1 aVishwanath . Gita aA GOOD SHOT/cGITA VISHWANATH.hEnglish a1 aMaharastrabVishwakarmac2025 bPunea34A/1,Suyog Centre,7th floor ,Gultekadi Marketyard Road,Giridhar Bhawan Chowk.e411037 a101pb. c22cm aGita Vishwanath